Sizing and selecting air pollution control systems

Αποθηκεύτηκε σε:
Λεπτομέρειες βιβλιογραφικής εγγραφής
Άλλοι συγγραφείς: Hesketh, Howard E. (Επιμελητής έκδοσης), Cross, Frank L. (Επιμελητής έκδοσης)
Μορφή: Βιβλίο
Γλώσσα:English
Δημοσίευση: Lancaster : Technomic, c1994
Θέματα:
Ετικέτες: Προσθήκη ετικέτας
Δεν υπάρχουν, Καταχωρήστε ετικέτα πρώτοι!

MARC

LEADER 00000cam a2200000 i 4500
001 1/11022
008 970723s1994 eng d
020 |a 1-56676-126-3 
035 |l 10018095 
040 |a GR-MY-UA  |b gre  |e aacr 
041 0 |a eng 
082 0 |a 628.532 
245 1 0 |a Sizing and selecting air pollution control systems /  |c Edited by Howard E. Hesketh and Frank L. Cross 
246 3 3 |a Air pollution control systems 
260 |a Lancaster :   |b Technomic,   |c c1994 
300 |a xi, 161 p.;  |c 24 cm 
504 |a Includes bibliographical references and index 
650 0 0 |a Air  |x Pollution. 
650 0 0 |a Pollution control equipment. 
650 0 0 |a Air quality management. 
700 1 |a Hesketh, Howard E.  |4 edt 
700 1 |a Cross, Frank L.  |4 edt 
852 |a INST  |b LESVOS  |e 19970723  |h 628.532 SIZ  |p 005100010911  |q 005100010911  |t BK  |y 0 
909 |a Λ  |b 043608